[Event "British Championship"]
[Site "?"]
[Date "2011.07.31"]
[Round "7.35"]
[White "Haria, Ravi"]
[Black "Salimbeni, George P W"]
[Result "1/2-1/2"]
[WhiteElo "2073"]
[BlackElo "2150"]
[PlyCount "103"]
[EventDate "2011.??.??"]

1. e4 c5 2. Nf3 e6 3. c3 Nf6 4. e5 Nd5 5. d4 cxd4 6. cxd4 d6 7. a3 Nc6 8. Bd3
dxe5 9. dxe5 Qc7 10. O-O g6 11. Qe2 Bg7 12. Re1 O-O 13. Bd2 Na5 14. Nc3 Nb3 15.
Nxd5 exd5 16. Rad1 Bg4 17. Bc3 Nc5 18. Bb1 Rad8 19. h3 Bxf3 20. Qxf3 Qc6 21.
Ba2 Ne4 22. Bxd5 Rxd5 23. Rxd5 Qxd5 24. Qxe4 Qxe4 25. Rxe4 Re8 26. f4 f6 27.
Kf2 Kf7 28. Kf3 fxe5 29. fxe5 Ke6 30. Rb4 Re7 31. Ke4 Rf7 32. Ra4 b6 33. Rc4
Rf2 34. Rc6+ Kd7 35. Rd6+ Ke7 36. Kd5 Rxg2 37. Bb4 Ke8 38. Re6+ Kd8 39. Re7 Bf8
40. Rxh7 Bxb4 41. axb4 Rxb2 42. Rxa7 Rxb4 43. Ke6 b5 44. Rd7+ Ke8 45. Rg7 Kf8
46. Rxg6 Rh4 47. Kd7 Rh7+ 48. Kd8 Rh5 49. Rf6+ Kg7 50. Re6 b4 51. Re7+ Kg6 52.
Re6+ 1/2-1/2

[Event "British Championship"]
[Site "?"]
[Date "2011.07.31"]
[Round "7.38"]
[White "Kemp, Paul R"]
[Black "Krzyzanowski, Patryk"]
[Result "1-0"]
[WhiteElo "2114"]
[BlackElo "1996"]
[PlyCount "91"]
[EventDate "2011.??.??"]

1. e4 c5 2. c3 g6 3. d4 cxd4 4. cxd4 d5 5. exd5 Nf6 6. Bb5+ Nbd7 7. Nc3 Bg7 8.
d6 exd6 9. Qe2+ Qe7 10. Bf4 a6 11. Bxd6 Qxe2+ 12. Bxe2 Nb6 13. Nf3 Nfd5 14. O-O
Bg4 15. Rac1 Rd8 16. Ba3 Bf8 17. Nxd5 Nxd5 18. Bxf8 Kxf8 19. h3 Nf4 20. Bd1 Be6
21. Rc7 b5 22. Ng5 Bc4 23. Re1 Rxd4 24. Bb3 Kg7 25. Bxc4 Rxc4 26. Rxf7+ Kh6 27.
h4 Nd3 28. Re4 Rxe4 29. Nxe4 Nxb2 30. g4 g5 31. hxg5+ Kg6 32. Rf6+ Kg7 33. Rxa6
Nd3 34. Kg2 Rc8 35. Kg3 Rc1 36. Ra7+ Kf8 37. Ra8+ Kg7 38. Ra7+ Kf8 39. Nf6 Rg1+
40. Kf3 Ne5+ 41. Kf4 Ng6+ 42. Ke4 Re1+ 43. Kd4 Ne7 44. Kd3 Kf7 45. Kd2 Re6 46.
Nd5 1-0

[Event "British Championship"]
[Site "?"]
[Date "2011.07.31"]
[Round "7.39"]
[White "Mellor, Stephen D"]
[Black "French, Angus J"]
[Result "0-1"]
[WhiteElo "2048"]
[BlackElo "2103"]
[PlyCount "52"]
[EventDate "2011.??.??"]

1. e4 Nf6 2. e5 Nd5 3. c4 Nb6 4. c5 Nd5 5. Bc4 e6 6. d4 d6 7. Qg4 Nb4 8. Na3
dxe5 9. Bg5 h5 10. Qg3 h4 11. Qxe5 N8c6 12. Qf4 Qxd4 13. Qxd4 Nxd4 14. O-O-O
Nbc6 15. b4 a6 16. Bf4 Be7 17. Bxc7 O-O 18. Be5 Nxe5 19. Rxd4 Nc6 20. Re4 Nxb4
21. Nf3 Bd7 22. Nxh4 Bc6 23. Rg4 Bxc5 24. Re1 b5 25. Re5 Be7 26. Bb3 Nd3+ 0-1

[Event "British Championship"]
[Site "?"]
[Date "2011.07.31"]
[Round "7.40"]
[White "McKenna, Jason P"]
[Black "Phillips, Owen S"]
[Result "1-0"]
[WhiteElo "2098"]
[BlackElo "1967"]
[PlyCount "71"]
[EventDate "2011.??.??"]

1. e4 c5 2. Nf3 d6 3. d4 cxd4 4. Nxd4 Nf6 5. Nc3 a6 6. a4 e5 7. Nde2 Be7 8. g3
b6 9. Bg2 Bb7 10. h3 Nbd7 11. g4 Nc5 12. Ng3 h6 13. O-O g5 14. Nd5 Nxd5 15.
exd5 a5 16. Re1 Qc7 17. c3 Bc8 18. b4 Nb7 19. Qf3 Bd7 20. Bf1 O-O-O 21. Re4
Rdf8 22. Rc4 Nc5 23. bxc5 dxc5 24. Nf5 Bd6 25. Rb1 h5 26. Bxg5 f6 27. Be3 hxg4
28. hxg4 Rfg8 29. Nxd6+ Qxd6 30. Bg2 f5 31. gxf5 e4 32. Qf4 Qxf4 33. Bxf4 Rg4
34. Rxb6 Rxf4 35. Rxc5+ Kd8 36. Rb8+ 1-0

[Event "British Championship"]
[Site "?"]
[Date "2011.07.31"]
[Round "7.41"]
[White "Pleasants, Allan J"]
[Black "Weaving, Richard"]
[Result "1/2-1/2"]
[WhiteElo "2092"]
[BlackElo "2070"]
[PlyCount "93"]
[EventDate "2011.??.??"]

1. Nf3 Nf6 2. d4 d5 3. c4 e6 4. e3 dxc4 5. Bxc4 a6 6. O-O b5 7. Bd3 c5 8. dxc5
Bxc5 9. a3 Bb7 10. b4 Bd6 11. Bb2 Qc7 12. Nbd2 Nbd7 13. Rc1 Qb8 14. h3 O-O 15.
Nd4 Ne5 16. Bb1 Qa7 17. f4 Ned7 18. N2f3 Bd5 19. Qe1 Be4 20. Nc6 Qb7 21. Bxe4
Nxe4 22. Qh4 Nb6 23. Qg4 f5 24. Qh4 Nc4 25. Na5 Nxa5 26. bxa5 Bc5 27. Nd4 Bxd4
28. Bxd4 Rac8 29. Rfd1 Rc4 30. Bb6 Nc3 31. Rxc3 Rxc3 32. Rd6 Rc1+ 33. Kh2 Rc2
34. Qg5 Qf7 35. Bd4 Ra8 36. Rxe6 Rc7 37. Rxa6 Rxa6 38. Qd8+ Qf8 39. Qxc7 Rg6
40. Qb7 Qe8 41. Qd5+ Qe6 42. Qxb5 h5 43. Qb6 Qf7 44. Qd8+ Kh7 45. Qa8 Qa2 46.
a6 Qf2 47. a7 1/2-1/2

[Event "British Championship"]
[Site "?"]
[Date "2011.07.31"]
[Round "7.42"]
[White "Surtees, Mike J"]
[Black "De Coverly, Roger D"]
[Result "1-0"]
[WhiteElo "2151"]
[BlackElo "2080"]
[PlyCount "83"]
[EventDate "2011.??.??"]

1. e4 e5 2. a3 Nc6 3. b4 Nf6 4. d3 g6 5. c4 Bg7 6. Ne2 d6 7. h3 h5 8. g3 Be6 9.
Bb2 O-O 10. Nd2 Nh7 11. Qc2 Qd7 12. Bg2 Nd4 13. Nxd4 exd4 14. Nb3 c6 15. Bxd4
f5 16. Qc3 Rae8 17. Bxg7 Qxg7 18. Qxg7+ Kxg7 19. Nd2 fxe4 20. dxe4 d5 21. cxd5
cxd5 22. O-O Rd8 23. f4 dxe4 24. Nxe4 b6 25. Rac1 Rd3 26. Rc3 Rfd8 27. Rfc1
Rxc3 28. Rxc3 Rd7 29. Kf2 Bf5 30. b5 Nf8 31. Ng5 Rd2+ 32. Kf1 Rd7 33. Ke2 Re7+
34. Kf2 Rd7 35. Bf3 Ne6 36. g4 hxg4 37. Nxe6+ Bxe6 38. Bxg4 Re7 39. Re3 Kf6 40.
Rxe6+ Rxe6 41. Bxe6 Kxe6 42. h4 1-0

[Event "British Championship"]
[Site "?"]
[Date "2011.08.02"]
[Round "8.4"]
[White "Hawkins, Jonathan"]
[Black "Conquest, Stuart C"]
[Result "1-0"]
[WhiteElo "2457"]
[BlackElo "2519"]
[PlyCount "91"]
[EventDate "2011.??.??"]

1. Nf3 e6 2. c4 b6 3. g3 Bb7 4. Bg2 Nf6 5. d4 Bb4+ 6. Bd2 a5 7. O-O O-O 8. Bf4
Be7 9. Nc3 Ne4 10. Rc1 d6 11. Qd3 Nxc3 12. Rxc3 Ra7 13. h4 Nd7 14. Re1 Qa8 15.
Ng5 Nf6 16. Bxb7 Qxb7 17. Rcc1 h6 18. Nf3 Qe4 19. Red1 a4 20. Ne1 Qa8 21. d5 e5
22. Bd2 b5 23. cxb5 Rb8 24. Rc6 Qb7 25. Ra6 Rxa6 26. bxa6 Qxd5 27. Qxd5 Nxd5
28. Ba5 c6 29. e4 Nf6 30. Bc7 Ra8 31. Bxd6 Bxd6 32. Rxd6 Rxa6 33. Rd8+ Kh7 34.
f3 c5 35. Nd3 Rb6 36. Rc8 Rd6 37. Nxe5 Rd1+ 38. Kf2 Rd2+ 39. Ke3 Rxb2 40. Nxf7
Rxa2 41. g4 Ra3+ 42. Kf4 Nd7 43. e5 Nb6 44. Rh8+ Kg6 45. Nd6 Nd5+ 46. Kg3 1-0

[Event "British Championship"]
[Site "?"]
[Date "2011.08.02"]
[Round "8.5"]
[White "Summerscale, Aaron P"]
[Black "Gordon, Stephen J"]
[Result "1/2-1/2"]
[WhiteElo "2415"]
[BlackElo "2533"]
[PlyCount "164"]
[EventDate "2011.??.??"]

1. Nf3 d5 2. d4 Nf6 3. Bf4 c6 4. e3 Qb6 5. Qc1 Bg4 6. Be2 Nbd7 7. O-O g6 8. h3
Bxf3 9. Bxf3 Bg7 10. c4 O-O 11. cxd5 Nxd5 12. Bxd5 cxd5 13. Nc3 Rfc8 14. Qd2
Qa5 15. Rfc1 e6 16. Qd3 a6 17. a3 Qd8 18. Ne2 Bf8 19. Qb3 Qb6 20. Qxb6 Nxb6 21.
Rxc8 Rxc8 22. Rc1 Rc4 23. Kf1 Na4 24. Rb1 Rc2 25. b3 Nb2 26. a4 Nd3 27. Bg3 Bb4
28. Rd1 Rb2 29. Rxd3 Rb1+ 30. Nc1 Rxc1+ 31. Ke2 Re1+ 32. Kf3 Kf8 33. Bh4 Ke8
34. Bf6 Kd7 35. g4 Kc6 36. Kf4 b5 37. Kg5 Rb1 38. f4 Rh1 39. Kh6 Rxh3+ 40. Kg7
h5 41. g5 Rh1 42. Kxf7 h4 43. Kxe6 h3 44. f5 gxf5 45. Be5 h2 46. axb5+ axb5 47.
g6 Rg1 48. Bxh2 Rxg6+ 49. Kxf5 Rg2 50. Bf4 Re2 51. Rd1 Re1 52. Rxe1 Bxe1 53. e4
dxe4 54. Kxe4 Ba5 55. Ke5 Bc7+ 56. Kf5 Bb6 57. Ke4 Bd8 58. Bb8 Kb7 59. Bd6 Kc6
60. Bb4 Bc7 61. Bd2 Bd6 62. Bf4 Bf8 63. Bg3 Be7 64. Bb8 Bf8 65. Bf4 Kd7 66. Kd5
Be7 67. Bb8 Bf8 68. Ba7 Bd6 69. Bc5 Bc7 70. Bb4 Bb6 71. Bc3 Ba7 72. Ba5 Kc8 73.
Bb4 Kd7 74. Bc5 Bb8 75. Bb6 Bd6 76. Ba7 Be7 77. Bc5 Bd8 78. Ke4 Kc6 79. Ke5 Kd7
80. d5 Bh4 81. Be3 Be7 82. Kd4 Bd6 1/2-1/2

[Event "British Championship"]
[Site "?"]
[Date "2011.08.02"]
[Round "8.6"]
[White "Ansell, Simon T"]
[Black "Hebden, Mark L"]
[Result "1-0"]
[WhiteElo "2410"]
[BlackElo "2533"]
[PlyCount "135"]
[EventDate "2011.??.??"]

1. e4 e5 2. Nf3 Nc6 3. Bb5 a6 4. Ba4 Nf6 5. d3 b5 6. Bb3 d6 7. a4 b4 8. a5 Be7
9. Nbd2 O-O 10. O-O Rb8 11. Re1 h6 12. h3 Be6 13. Bxe6 fxe6 14. Nb3 Qe8 15. d4
Qg6 16. Qe2 Nh5 17. dxe5 dxe5 18. Be3 Rb5 19. Kh1 Bd6 20. Qc4 Qe8 21. Red1 Nd8
22. Ne1 Nf4 23. Bxf4 Rxf4 24. Nd3 Rf8 25. Rf1 Qc6 26. Qxc6 Nxc6 27. g3 Kf7 28.
Kg2 Ke7 29. h4 h5 30. f3 g6 31. Kf2 Rf7 32. Rg1 Nb8 33. g4 Nd7 34. gxh5 gxh5
35. Ke2 Rh7 36. Rg5 Kf7 37. f4 Be7 38. Nxe5+ Nxe5 39. Rxe5 Rxe5 40. fxe5 Rg7
41. Rf1+ Ke8 42. Nd4 Kd7 43. Rd1 Rg4 44. Nf3+ Kc6 45. Kd3 Rg3 46. Ke2 Rg4 47.
Kd3 Kc5 48. Nd4 Rg3+ 49. Ke2 Kc4 50. Nxe6 Rg2+ 51. Kf3 Rxc2 52. Rd7 Bxh4 53.
Rxc7+ Kd3 54. Rxc2 Kxc2 55. Nc5 Be7 56. Nxa6 b3 57. Nb4+ Bxb4 58. a6 Bc5 59. e6
Kxb2 60. e7 Bxe7 61. a7 Kc2 62. a8=Q b2 63. Qa4+ Kd2 64. Qa2 Kc2 65. Ke2 h4 66.
Qc4+ Kb1 67. Kd2 Bg5+ 68. Kc3 1-0

[Event "British Championship"]
[Site "?"]
[Date "2011.08.02"]
[Round "8.11"]
[White "Palliser, Richard J D"]
[Black "Eggleston, David J"]
[Result "1-0"]
[WhiteElo "2454"]
[BlackElo "2318"]
[PlyCount "111"]
[EventDate "2011.??.??"]

1. e4 c5 2. Nf3 d6 3. d4 cxd4 4. Nxd4 Nf6 5. Nc3 a6 6. Bg5 Nbd7 7. f4 Qc7 8.
Qf3 h6 9. Bxf6 Nxf6 10. f5 g5 11. fxg6 fxg6 12. Nd5 Nxd5 13. exd5 Bd7 14. Bd3
Rg8 15. O-O-O O-O-O 16. Be4 Bg7 17. Qb3 Bxd4 18. Rxd4 Kb8 19. Rc4 Qa5 20. Rb4
Bc8 21. Ra4 Qb5 22. Qxb5 axb5 23. Rb4 Bd7 24. Re1 Rc8 25. Bd3 Bf5 26. Bxf5 gxf5
27. g3 Rc7 28. Re6 h5 29. Rh4 Rg4 30. Rxh5 Rgc4 31. Re2 f4 32. Rh8+ Ka7 33. Rh4
fxg3 34. hxg3 Kb6 35. a3 Rxh4 36. gxh4 Kc5 37. Rd2 Rc8 38. c3 Rg8 39. b4+ Kb6
40. Rh2 Rg1+ 41. Kc2 Rg6 42. h5 Rh6 43. Kd3 Kc7 44. Ke4 Kd7 45. Kf5 Ke8 46. Kg5
Rh8 47. h6 Kf7 48. h7 Kg7 49. Kf5 Kf7 50. Rh1 b6 51. Rh3 Kf8 52. Kg6 e6 53.
dxe6 d5 54. e7+ Ke8 55. Kg7 Rf8 56. exf8=Q+ 1-0

[Event "British Championship"]
[Site "?"]
[Date "2011.08.02"]
[Round "8.14"]
[White "Constantinou, Peter"]
[Black "Jones, Victor G L"]
[Result "0-1"]
[WhiteElo "2292"]
[BlackElo "2153"]
[PlyCount "86"]
[EventDate "2011.??.??"]

1. d4 e6 2. Nf3 Nf6 3. c3 b6 4. Bg5 h6 5. Bh4 Bb7 6. Nbd2 Be7 7. e3 c5 8. Bd3
g5 9. Bg3 g4 10. Ne5 h5 11. f3 d6 12. Bb5+ Kf8 13. Nd3 a6 14. Ba4 c4 15. Nf2 b5
16. Bc2 h4 17. Bf4 Nbd7 18. e4 h3 19. fxg4 hxg2 20. Rg1 e5 21. Bg3 Qb6 22. Nf3
d5 23. Nxe5 Nxe5 24. Bxe5 dxe4 25. g5 e3 26. Ng4 Nxg4 27. Qxg4 Rg8 28. h4 b4
29. d5 Bxd5 30. O-O-O Qc6 31. Qf4 e2 32. Rde1 Bf3 33. g6 f6 34. Ba4 Qxa4 35.
Qxf3 Kg7 36. Bxf6+ Bxf6 37. Qb7+ Kxg6 38. Rxg2+ Kh6 39. Rxg8 Rxg8 40. Qf7 Rg6
41. Qxc4 Be5 42. a3 Rd6 43. Qxe2 Bf4+ 0-1

[Event "British Championship"]
[Site "?"]
[Date "2011.08.02"]
[Round "8.15"]
[White "Boyd, John"]
[Black "Adair, James R"]
[Result "1/2-1/2"]
[WhiteElo "2200"]
[BlackElo "2212"]
[PlyCount "100"]
[EventDate "2011.??.??"]

1. e4 c5 2. g3 Nc6 3. Bg2 g6 4. f4 Bg7 5. Nf3 e6 6. d3 Nge7 7. O-O O-O 8. c3 d6
9. Be3 Rb8 10. d4 cxd4 11. cxd4 b5 12. Nc3 b4 13. Ne2 Ba6 14. Qd2 b3 15. axb3
Bxe2 16. Qxe2 Rxb3 17. e5 Qb6 18. Bf2 Rxb2 19. Qa6 d5 20. Rfc1 Qxa6 21. Rxa6
Rb6 22. Rxb6 axb6 23. Rb1 Rb8 24. Bf1 Nc8 25. g4 Bh6 26. f5 gxf5 27. gxf5 exf5
28. Nh4 N8e7 29. Bd3 f4 30. Kg2 Nd8 31. Nf5 Nxf5 32. Bxf5 Ne6 33. Rb5 Nc7 34.
Rb3 Bg5 35. h4 Bh6 36. Kf3 b5 37. Bd7 Kf8 38. Kg4 Rb6 39. h5 f6 40. exf6 Rxf6
41. Rc3 Na6 42. Bxb5 Kg7 43. Bd3 Nb4 44. Rc7+ Rf7 45. Rxf7+ Kxf7 46. Bxh7 Nc6
47. Bd3 Bg7 48. Kxf4 Bxd4 49. Bxd4 Nxd4 50. Ke5 Nc6+ 1/2-1/2

[Event "British Championship"]
[Site "?"]
[Date "2011.08.02"]
[Round "8.16"]
[White "Nelson, Jonathan P"]
[Black "Arnott, Jonathan W"]
[Result "1/2-1/2"]
[WhiteElo "2204"]
[BlackElo "2183"]
[PlyCount "88"]
[EventDate "2011.??.??"]

1. e4 e6 2. d4 d5 3. exd5 exd5 4. c4 Nf6 5. Nc3 Bb4 6. Nf3 O-O 7. Bd3 dxc4 8.
Bxc4 Re8+ 9. Be3 Nd5 10. O-O Be6 11. Bg5 Be7 12. Bxe7 Rxe7 13. Ng5 Nxc3 14. Qh5
Ne2+ 15. Kh1 h6 16. Nxe6 fxe6 17. Qxe2 Nc6 18. Bxe6+ Kh8 19. d5 Qxd5 20. Bxd5
Rxe2 21. b3 Rd8 22. Bf3 Rb2 23. Rac1 Rxa2 24. Bxc6 bxc6 25. Rxc6 Rxf2 26. Kg1
Rb2 27. h4 a5 28. Rf7 Rd6 29. Rcxc7 Rg6 30. Rf2 Rxb3 31. Ra7 Rg4 32. Rxa5 Rb1+
33. Rf1 Rxf1+ 34. Kxf1 Rxh4 35. Kf2 Rb4 36. Ra6 Rb3 37. g3 Kh7 38. Kg2 h5 39.
Ra5 g6 40. Rc5 Kh6 41. Ra5 Rb6 42. Rc5 Rf6 43. Rc4 Kg5 44. Ra4 Rf5 1/2-1/2

[Event "British Championship"]
[Site "?"]
[Date "2011.08.02"]
[Round "8.19"]
[White "Chapman, Terry P D"]
[Black "Jenks, C Bruce"]
[Result "1/2-1/2"]
[WhiteElo "2242"]
[BlackElo "2146"]
[PlyCount "77"]
[EventDate "2011.??.??"]

1. Nf3 c5 2. c4 g6 3. d4 cxd4 4. Nxd4 Bg7 5. e4 Nc6 6. Be3 Nf6 7. Nc3 O-O 8.
Be2 d6 9. O-O a5 10. Rb1 a4 11. Qd2 Qa5 12. Rfd1 Nxd4 13. Bxd4 Be6 14. f3 Rfc8
15. b3 axb3 16. axb3 Nd7 17. Bxg7 Kxg7 18. Nb5 Qxd2 19. Rxd2 Ra5 20. Kf2 Ne5
21. Nd4 Nc6 22. Nxc6 Rxc6 23. b4 Ra7 24. Rc2 b6 25. g4 Rc8 26. Bd3 Ra3 27. Ke2
Kf6 28. Rbc1 g5 29. c5 bxc5 30. bxc5 dxc5 31. Rxc5 Ra2+ 32. R5c2 Rcxc2+ 33.
Rxc2 Rxc2+ 34. Bxc2 Ke5 35. Ke3 f6 36. Ba4 Bf7 37. Bd1 h5 38. gxh5 Bxh5 39. h4
1/2-1/2

[Event "British Championship"]
[Site "?"]
[Date "2011.08.02"]
[Round "8.21"]
[White "Birtwistle, Nigel"]
[Black "Brown, Martin"]
[Result "1/2-1/2"]
[WhiteElo "2214"]
[BlackElo "2130"]
[PlyCount "183"]
[EventDate "2011.??.??"]

1. d4 Nf6 2. c4 g6 3. Nc3 d5 4. Nf3 Bg7 5. Bf4 O-O 6. Rc1 dxc4 7. e4 c5 8. dxc5
Qa5 9. Nd2 Be6 10. Qa4 Qxc5 11. Bxc4 Bxc4 12. Qxc4 Na6 13. Qe2 Qb4 14. Rc2 Nc5
15. a3 Qd4 16. O-O Qd3 17. Qxd3 Nxd3 18. Be3 Rfc8 19. h3 b6 20. b3 Ne8 21. Nc4
Nc5 22. Nd5 Rd8 23. Ncxb6 axb6 24. Nxb6 Nxb3 25. Nxa8 Rxa8 26. Rb1 Rxa3 27. Rc8
Kf8 28. g3 f5 29. exf5 gxf5 30. Rd1 Ra1 31. Rxa1 Nxa1 32. Rc5 e6 33. Ra5 Nb3
34. Ra7 h6 35. Kg2 Na1 36. Bc5+ Kg8 37. Re7 Nf6 38. Rxe6 Nb3 39. Be3 Na5 40.
Ra6 Nc4 41. Bxh6 Ne8 42. Bf4 Kf7 43. g4 fxg4 44. hxg4 Ne5 45. f3 Nd3 46. Be3
Nf6 47. Ra7+ Kg6 48. Ra3 Ne1+ 49. Kf2 Nc2 50. Ra5 Nxe3 51. Kxe3 Bh6+ 52. Kd4
Bf4 53. Rf5 Bd6 54. Kc4 Bc7 55. Kc5 Bb8 56. Kc6 Bh2 57. Kb7 Bd6 58. Kc8 Bh2 59.
Kd8 Bd6 60. Rb5 Ba3 61. Rb6 Kg5 62. Rb5+ Kg6 63. Kc7 Be7 64. Rf5 Ba3 65. Kc6
Bb4 66. Kb5 Bd6 67. Kc4 Bc7 68. Kd3 Bb8 69. Ke2 Bc7 70. Kf1 Bd6 71. Kg2 Bc7 72.
Kh3 Bd6 73. Ra5 Bf4 74. Rf5 Bd6 75. Ra5 Bf4 76. Kh4 Bd2 77. Rb5 Bf4 78. g5 Nh7
79. Rb6+ Kf5 80. g6 Nf6 81. g7 Ng8 82. Kh5 Be5 83. Rb5 Kf6 84. Rb7 Bf4 85. Ra7
Be3 86. Rb7 Bf4 87. Rb4 Bd2 88. Rd4 Bc1 89. Rc4 Bd2 90. f4 Kxg7 91. Kg5 Ne7 92.
Rd4 1/2-1/2

[Event "British Championship"]
[Site "?"]
[Date "2011.08.02"]
[Round "8.22"]
[White "Khandelwal, Ankush"]
[Black "Almond, Richard J"]
[Result "1-0"]
[WhiteElo "2211"]
[BlackElo "2121"]
[PlyCount "59"]
[EventDate "2011.??.??"]

1. f4 g6 2. Nf3 d5 3. g3 Bg7 4. Bg2 Nf6 5. O-O O-O 6. h3 c5 7. d3 Nc6 8. Nc3 d4
9. Ne4 Nxe4 10. dxe4 Qb6 11. g4 c4 12. Kh1 Qc5 13. a3 h5 14. f5 hxg4 15. hxg4
gxf5 16. gxf5 Rd8 17. Qe1 Kf8 18. Qg3 e6 19. Ng5 Ke7 20. Nxf7 Be5 21. Nxe5 Qxe5
22. Qh4+ Kd7 23. fxe6+ Ke8 24. Rf5 Qxe6 25. Qh5+ Kd7 26. Rf7+ Kd6 27. Bf4+ Ne5
28. Rf5 Qxf5 29. exf5 Bxf5 30. Qxf5 1-0

[Event "British Championship"]
[Site "?"]
[Date "2011.08.02"]
[Round "8.23"]
[White "MacQueen, Calum"]
[Black "Harvey, Marcus R"]
[Result "1-0"]
[WhiteElo "2139"]
[BlackElo "2206"]
[PlyCount "137"]
[EventDate "2011.??.??"]

1. d4 e6 2. c4 f5 3. Nf3 Nf6 4. g3 Be7 5. Bg2 O-O 6. O-O d6 7. Nc3 Ne4 8. Nxe4
fxe4 9. Ne1 d5 10. f3 exf3 11. Nxf3 c5 12. Be3 Nc6 13. cxd5 exd5 14. dxc5 d4
15. Nxd4 Rxf1+ 16. Kxf1 Bxc5 17. Qb3+ Kh8 18. Nxc6 Qf8+ 19. Kg1 bxc6 20. Bxc6
Bh3 21. Rc1 Bxe3+ 22. Qxe3 Rb8 23. b3 h6 24. Bf3 Qa3 25. g4 Qb4 26. g5 hxg5 27.
Qxg5 Rb5 28. Qd8+ Kh7 29. Qd3+ Bf5 30. Qc4 a5 31. Qxb4 axb4 32. Rc4 Kg8 33. Be4
Be6 34. Rd4 Kf8 35. Bd3 Rb6 36. Kf2 Ke7 37. h4 Kf6 38. Kf3 Ke5 39. e3 Bc8 40.
Rc4 Bd7 41. Rc5+ Kf6 42. Kf4 Ke7 43. Bf5 Be8 44. Rc7+ Kf8 45. e4 Rh6 46. Rb7
Ra6 47. Rxb4 Rxa2 48. Rb7 Rh2 49. Kg3 Re2 50. b4 Bc6 51. Rb8+ Ke7 52. Kf3 Rb2
53. Kf4 Rf2+ 54. Ke5 Rb2 55. Rg8 Rxb4 56. Rxg7+ Kf8 57. Rc7 Be8 58. Kf6 Rb6+
59. Be6 Rb2 60. e5 Rh2 61. Rc8 Rd2 62. h5 Rd8 63. Rc7 Rd2 64. Bf5 Rh2 65. Rc8
Rf2 66. e6 Re2 67. Bg6 Rf2+ 68. Kg5 Rg2+ 69. Kh6 1-0

[Event "British Championship"]
[Site "?"]
[Date "2011.08.02"]
[Round "8.24"]
[White "Jaunooby, Ali R"]
[Black "Britton, Richard L"]
[Result "1-0"]
[WhiteElo "2130"]
[BlackElo "2203"]
[PlyCount "133"]
[EventDate "2011.??.??"]

1. d4 Nf6 2. c4 g6 3. Nc3 Bg7 4. g3 O-O 5. Bg2 d6 6. e3 e5 7. Nge2 c6 8. h3 h5
9. d5 c5 10. e4 Ne8 11. Ng1 a6 12. g4 Nf6 13. Bg5 Qb6 14. b3 Nh7 15. Be3 h4 16.
Nf3 Qd8 17. g5 f5 18. gxf6 Bxf6 19. Qd2 Rf7 20. Rg1 g5 21. Bf1 Rg7 22. Nh2 Kh8
23. Qe2 Nd7 24. Qf3 Ndf8 25. Ng4 Bxg4 26. Qxg4 Ng6 27. Bd2 Qc8 28. Qf3 Qg8 29.
Nd1 Rf8 30. Ne3 Bd8 31. Nf5 Ne7 32. Bd3 Nxf5 33. exf5 Bf6 34. Be4 b5 35. Qe2
Rb8 36. Rc1 b4 37. Ra1 a5 38. a3 Ra8 39. Qh5 Qe8 40. Qh6 Kg8 41. Ke2 a4 42.
axb4 cxb4 43. Rab1 Qc8 44. Rgc1 Rc7 45. Bxg5 Nxg5 46. Qxf6 Rg7 47. Rg1 Qf8 48.
Qxf8+ Rxf8 49. Ke3 a3 50. Rg4 Nxh3 51. Rxh4 Nf4 52. Rh6 Rh7 53. Rg1+ Kh8 54.
Rxd6 Ra8 55. Rb6 Rh3+ 56. Bf3 a2 57. Ra1 Ng2+ 58. Ke4 Ne1 59. Bd1 Nd3 60. Bc2
Nxf2+ 61. Kxe5 Rh1 62. Rxh1+ Nxh1 63. Rh6+ Kg8 64. Rxh1 a1=Q+ 65. Rxa1 Rxa1 66.
d6 Kf7 67. Be4 1-0

[Event "British Championship"]
[Site "?"]
[Date "2011.08.02"]
[Round "8.26"]
[White "Beaumont, Chris R"]
[Black "Gregory, Stephen J"]
[Result "0-1"]
[WhiteElo "2313"]
[BlackElo "2109"]
[PlyCount "110"]
[EventDate "2011.??.??"]

1. d4 Nf6 2. Nf3 d6 3. c4 Nc6 4. g3 e5 5. Bg2 Bd7 6. O-O exd4 7. Nxd4 Be7 8.
Nc3 O-O 9. b3 Re8 10. Bb2 a6 11. Nc2 Rb8 12. a4 Bf8 13. e4 Ne5 14. Ne3 Nfg4 15.
Ned5 c6 16. Nf4 g5 17. Nh5 Re6 18. h3 Rh6 19. hxg4 Bxg4 20. f3 Qb6+ 21. Rf2
Bxh5 22. g4 Bxg4 23. fxg4 Rf6 24. Qc2 Nxg4 25. Nd1 Nxf2 26. c5 Qd8 27. Nxf2 Rg6
28. Rd1 g4 29. e5 d5 30. Ne4 Bg7 31. Nd6 Qg5 32. Nf5 Re8 33. Nxg7 Qe3+ 34. Qf2
Qxf2+ 35. Kxf2 Rxg7 36. Kg3 Rg6 37. Rf1 f6 38. exf6 Re3+ 39. Kh2 Kf7 40. Bd4
Rd3 41. Be5 Rxb3 42. Rf5 Rb4 43. Rh5 h6 44. a5 Rb5 45. Bd4 Rxa5 46. Kg3 Ra3+
47. Kh4 Rd3 48. Be5 a5 49. Rf5 Rd2 50. Kg3 Rg5 51. Rxg5 hxg5 52. Bf1 a4 53.
Kxg4 a3 54. Kxg5 a2 55. Bh3 Rd1 0-1

[Event "British Championship"]
[Site "?"]
[Date "2011.08.02"]
[Round "8.29"]
[White "Burnett, Jim"]
[Black "Boulton, William J K"]
[Result "0-1"]
[WhiteElo "2191"]
[BlackElo "1971"]
[PlyCount "60"]
[EventDate "2011.??.??"]

1. d4 f5 2. Nf3 Nf6 3. g3 g6 4. Bg2 Bg7 5. O-O O-O 6. Nc3 d6 7. Re1 Nc6 8. d5
Nb4 9. Nd4 a5 10. a3 Na6 11. e3 Nc5 12. Rb1 a4 13. b4 axb3 14. cxb3 e5 15. dxe6
c6 16. b4 Nxe6 17. Qb3 d5 18. Nce2 Ne4 19. Rd1 Qf6 20. Bb2 Qf7 21. Nxe6 Bxe6
22. Bxg7 Qxg7 23. Nd4 Bf7 24. a4 g5 25. f4 Bh5 26. Bf3 Bxf3 27. Nxf3 gxf4 28.
exf4 Nc3 29. Nd4 Nxb1 30. Ne6 Qc3 0-1

[Event "British Championship"]
[Site "?"]
[Date "2011.08.02"]
[Round "8.30"]
[White "Salimbeni, George P W"]
[Black "O'Toole, George E"]
[Result "0-1"]
[WhiteElo "2150"]
[BlackElo "2185"]
[PlyCount "120"]
[EventDate "2011.??.??"]

1. e4 d6 2. d4 Nf6 3. Nc3 g6 4. Be3 c6 5. Qd2 Nbd7 6. f3 b5 7. O-O-O b4 8. Nce2
Qa5 9. Kb1 Nb6 10. Nc1 e6 11. a3 d5 12. Nb3 Qa4 13. Nc5 Bxc5 14. dxc5 Nbd7 15.
axb4 Rb8 16. b5 O-O 17. e5 Nxe5 18. Qc3 Nfd7 19. Rd4 Nc4 20. Bxc4 dxc4 21. Bh6
e5 22. Rxc4 Qxb5 23. Bxf8 Nxf8 24. Ne2 Be6 25. Re4 Nd7 26. Qa3 f6 27. Nc3 Qxc5
28. Qxc5 Nxc5 29. Re3 Kf7 30. Rhe1 Rb4 31. Ne4 Na4 32. b3 Nb6 33. Rc3 Bd5 34.
Kc1 a5 35. Nc5 h5 36. Kd2 a4 37. Nxa4 Nxa4 38. bxa4 Rxa4 39. Ke3 h4 40. Rc1 Ke6
41. Rd3 Rf4 42. Kf2 g5 43. g3 Rc4 44. Re3 Kd6 45. c3 Ra4 46. Rb1 Ra2+ 47. Re2
Ra3 48. Re3 hxg3+ 49. hxg3 f5 50. Rd1 f4 51. Red3 Kc5 52. gxf4 gxf4 53. Re1 Kc4
54. Rdd1 Rxc3 55. Rxe5 Rxf3+ 56. Ke2 Rc3 57. Rf5 Bf3+ 58. Ke1 Re3+ 59. Kf2 Bxd1
60. Rxf4+ Kd3 0-1

[Event "British Championship"]
[Site "?"]
[Date "2011.08.02"]
[Round "8.34"]
[White "Coates, David H"]
[Black "Kemp, Paul R"]
[Result "0-1"]
[WhiteElo "2080"]
[BlackElo "2114"]
[PlyCount "62"]
[EventDate "2011.??.??"]

1. d4 c6 2. c4 d5 3. Nf3 Nf6 4. Nc3 e6 5. Bg5 h6 6. Bh4 dxc4 7. e4 g5 8. Bg3 b5
9. Be2 Bb7 10. h4 g4 11. Ne5 h5 12. O-O Nbd7 13. Qc2 Nxe5 14. Bxe5 Bg7 15. Rad1
O-O 16. Bg3 Qb6 17. Kh1 Rad8 18. e5 Nd7 19. f3 c5 20. dxc5 Qxc5 21. fxg4 hxg4
22. Bxg4 Nxe5 23. Qe2 Nxg4 24. Qxg4 Rd4 25. Rxd4 Qxd4 26. Rf4 Qd2 27. Rf2 Qc1+
28. Kh2 f5 29. Qe2 f4 30. Qxe6+ Kh7 31. Bxf4 Rxf4 0-1

[Event "British Championship"]
[Site "?"]
[Date "2011.08.02"]
[Round "8.35"]
[White "Kolbus, Dietmar"]
[Black "Lenier, Jude A"]
[Result "1-0"]
[WhiteElo "2335"]
[BlackElo "2065"]
[PlyCount "113"]
[EventDate "2011.??.??"]

1. c4 e5 2. Nc3 Nf6 3. Nf3 Nc6 4. e3 d5 5. cxd5 Nxd5 6. Bb5 Nxc3 7. bxc3 Bd6 8.
d4 e4 9. Nd2 Qg5 10. Bf1 Bf5 11. Qb3 Rb8 12. Ba3 O-O 13. Bxd6 cxd6 14. g3 Rfe8
15. Bg2 Bg6 16. O-O b5 17. Rfb1 d5 18. Qd1 Bh5 19. Qf1 b4 20. Nb3 bxc3 21. Rc1
Rbc8 22. Rxc3 Nb4 23. Rxc8 Rxc8 24. Qb5 Nc2 25. Rc1 h6 26. h4 Qf5 27. Nc5 Na3
28. Qb3 Nc4 29. Nxe4 Na5 30. Rxc8+ Qxc8 31. Qc3 Nc4 32. Nd2 Qe6 33. Nxc4 dxc4
34. Bf1 Bf3 35. Qxc4 Bd5 36. Qc2 Bxa2 37. e4 Qb3 38. Qxb3 Bxb3 39. Ba6 Kf8 40.
Kf1 Ke7 41. Ke2 Kd6 42. Kd3 g5 43. f4 gxh4 44. gxh4 Ba2 45. Kc3 f6 46. Bc4 Bb1
47. e5+ fxe5 48. fxe5+ Kc7 49. d5 Bg6 50. Kd4 a5 51. Kc5 a4 52. d6+ Kd8 53. e6
Be8 54. e7+ Kd7 55. Bb5+ Ke6 56. Bxe8 a3 57. Bb5 1-0